Statistics for 2002 Stanley Cup Champion Detroit Red Wings

Click here to take the quiz!

General Stats

  • This quiz has been taken 44 times
  • The average score is 13 of 22

Answer Stats

Hint Answer % Correct
19C (Captain)Steve Yzerman
100%
13CPavel Datsyuk
87%
5DNicklas Lidstrom
81%
91CSergei Fedorov
81%
39GDominik Hasek
81%
96FwdTomas Holmstrom
77%
14FwdBrendan Shanahan
77%
17FwdBrett Hull
77%
18FwdKirk Maltby
77%
33CKris Draper
74%
34GManny Legace
68%
25FwdDarren McCarty
68%
2DJiri Fischer
65%
8CIgor Larionov
61%
20FwdLuc Robitaille
58%
24DChris Chelios
55%
71DJiri Slegr
32%
21FwdBoyd Devereaux
26%
29CJason Williams
23%
28DSteve Duchesne
19%
27DFredrik Olausson
13%
11DMatthieu Dandenault
3%

Score Distribution

Percentile by Number Answered

Percent of People with Each Score

Your Score History

You have not taken this quiz